Creatividad y comunicación : reflexiones pedagóficas /

Saved in:
Bibliographic Details
Main Author: Branda, María (autor)
Other Authors: Quiroga, Jorgelina (colaboración) (colaboración)
Format: Book
Language:Español
Published: Buenos Aires, Argentina : Nobuko, 2005, c2005
Subjects:
Tags: Add Tag
No Tags, Be the first to tag this record!

MARC

LEADER 00000nam^a2200000^a^4500
001 000184414
005 20250521000000.0
009 20260310102115.825
020 |a 987-584-004-1 
037 |a Acervo ITESO - Biblioteca 
041 |a ESP 
082 |a 370. 118  |b BRA 
100 |a Branda, María  |e (autor) 
245 1 0 |a Creatividad y comunicación :  |b reflexiones pedagóficas /  |c M. Branda ; colaboración de J. Quiroga. 
264 4 |a Buenos Aires, Argentina :  |b Nobuko,  |c 2005, c2005 
300 |a 155 p. 
336 |a texto  |b txt  |2 rdacontenido 
337 |a sin mediación  |b n  |2 rdamedio 
338 |a volumen  |b nc  |2 rdasoporte 
649 |a XX 
650 |a Diseño Gráfico -  |x Estudio y Enseñanza 
650 |a Creatividad 
650 |a Creación (Literaria, Artística, etc.) 
650 |a Comunicación Visual 
650 |a Aprendizaje Significativo 
650 |a Estrategias de Aprendizaje 
650 |a Didáctica 
650 |a Interacción Comunicativa 
650 |a Interacción en la Educación 
650 |a Comunicación Educativa 
650 |a Psicología Educativa 
650 |a Psicoanálisis y Creatividad 
650 |a Psicoanálisis y Arte 
650 |a Educación Formal 
700 |a Quiroga, Jorgelina  |e (colaboración) 
910 |a Fondo General 
920 |a Impresos - Libros 
930 |a Colección General 
905 |a 101 
901 |a 0500125350  |b IT1  |c ACC  |u 20250521 
902 |a https://opac.biblio.iteso.mx/vufind/Record/000184414